Statistics for Countries that do End in A

Click here to take the quiz!

General Stats

  • This quiz has been taken 44 times
    (16 since last reset)
  • The average score is 61 of 74

Answer Stats

Answer% Correct
Albania
100%
Andorra
100%
Australia
100%
Austria
100%
Liberia
100%
Panama
100%
Venezuela
100%
Angola
93%
Argentina
93%
Cambodia
93%
China
93%
Colombia
93%
Croatia
93%
India
93%
Kenya
93%
Libya
93%
Russia
93%
Serbia
93%
Algeria
87%
Armenia
87%
Bosnia and Herzegovina
87%
Dominica
87%
Estonia
87%
Ethiopia
87%
Georgia
87%
Ghana
87%
Indonesia
87%
Malaysia
87%
Mongolia
87%
North Korea
87%
Slovakia
87%
Slovenia
87%
South Korea
87%
Tanzania
87%
Zambia
87%
Bolivia
80%
Botswana
80%
Bulgaria
80%
Cuba
80%
Eritrea
80%
Guatemala
80%
Guinea
80%
Jamaica
80%
Latvia
80%
Micronesia
80%
Nicaragua
80%
Rwanda
80%
Saudi Arabia
80%
Somalia
80%
Sri Lanka
80%
Syria
80%
Antigua and Barbuda
73%
Canada
73%
Costa Rica
73%
Equatorial Guinea
73%
Gambia
73%
Grenada
73%
Guyana
73%
Moldova
73%
Namibia
73%
Romania
73%
South Africa
73%
Lithuania
67%
North Macedonia
67%
Papua New Guinea
67%
Samoa
67%
St Lucia
67%
Tonga
67%
Tunisia
67%
Uganda
67%
Czechia
60%
Malta
60%
Mauritania
60%
Nigeria
60%

Score Distribution

Percentile by Number Answered

Percent of People with Each Score

Your Score History

You have not taken this quiz since the last reset